| 000 | 00511nam a22001817a 4500 | ||
|---|---|---|---|
| 003 | SISC | ||
| 005 | 20160308085933.0 | ||
| 008 | 130902t xxu||||| |||| 00| 0 eng d | ||
| 050 |
_aPN 75 _b.F7 1957 |
||
| 082 |
_aHS 808.84 _bF84 1957 |
||
| 100 |
_aFrye, Northrop _916249 |
||
| 245 |
_aAnatomy of criticism : _bfour essays / _cNorthrop Fyre |
||
| 260 |
_aNew Jersey : _bPrinceton University Press, _cc1957. |
||
| 300 |
_a383 p. : _c24 cm. |
||
| 650 |
_aEssays _99955 |
||
| 942 |
_2lcc _cBK |
||
| 999 |
_c10215 _d10215 |
||